Oscar for Best Costume Design - Statistics

General Stats
  • This quiz has been taken 370 times
    24 since last reset
  • The average score is 12 of 95
Answer Stats
Year Best Costume Design Winner % Correct
1959 Ben-Hur
69%
1998 Shakespeare in Love
54%
2003 The Lord of the Rings: The Return of the King
54%
1948 Hamlet
46%
1964 My Fair Lady
46%
1987 The Last Emperor
46%
1984 Amadeus
38%
2025 Frankenstein
38%
1982 Gandhi
38%
2023 Poor Things
38%
1997 Titanic
38%
2024 Wicked
38%
2018 Black Panther
31%
2022 Black Panther: Wakanda Forever
31%
2002 Chicago
31%
2007 Elizabeth: The Golden Age
31%
1977 Star Wars
31%
1996 The English Patient
31%
1956 The King and I
31%
1961 West Side Story
31%
1975 Barry Lyndon
23%
1992 Bram Stoker's Dracula
23%
1981 Chariots of Fire
23%
2000 Gladiator
23%
2015 Mad Max: Fury Road
23%
2001 Moulin Rouge!
23%
1952 Moulin Rouge
23%
1950 All About Eve
15%
1963 Cleopatra
15%
1988 Dangerous Liaisons
15%
1958 Gigi
15%
2006 Marie Antoinette
15%
1960 Spartacus
15%
1993 The Age of Innocence
15%
2011 The Artist
15%
1963
8%
2010 Alice in Wonderland
8%
1979 All That Jazz
8%
1951 An American in Paris
8%
1951 A Place in the Sun
8%
1986 A Room with a View
8%
1991 Bugsy
8%
1965 Doctor Zhivago
8%
1983 Fanny and Alexander
8%
1989 Henry V
8%
1961 La Dolce Vita
8%
2020 Ma Rainey's Black Bottom
8%
1985 Ran
8%
1995 Restoration
8%
1953 Roman Holiday
8%
1968 Romeo and Juliet
8%
1954 Sabrina
8%
1959 Some Like it Hot
8%
2014 The Grand Budapest Hotel
8%
1953 The Robe
8%
1973 The Sting
8%
1966 A Man for All Seasons
0%
2012 Anna Karenina
0%
1969 Anne of the Thousand Days
0%
1967 Camelot
0%
1970 Cromwell
0%
2021 Cruella
0%
1990 Cyrano de Bergerac
0%
1965 Darling
0%
1978 Death on the Nile
0%
2016 Fantastic Beasts and Where to Find Them
0%
1976 Fellini's Casanova
0%
1954 Gate of Hell
0%
1955 I'll Cry Tomorrow
0%
1948 Joan of Arc
0%
1957 Les Girls
0%
2019 Little Women
0%
1955 Love is a Many Splendored Thing
0%
2005 Memoirs of a Geisha
0%
1971 Nicholas and Alexandra
0%
2017 Phantom Thread
0%
1950 Samson and Delilah
0%
1980 Tess
0%
1949 The Adventures of Don Juan
0%
1994 The Adventures of Priscilla, Queen of the Desert
0%
2004 The Aviator
0%
1952 The Bad and the Beautiful
0%
2008 The Duchess
0%
1960 The Facts of Life
0%
2013 The Great Gatsby
0%
1974 The Great Gatsby
0%
1949 The Heiress
0%
1964 The Night of the Iguana
0%
1956 The Solid Gold Cadillac
0%
1962 The Wonderful World of the Brothers Grimm
0%
2009 The Young Victoria
0%
1999 Topsy-Turvy
0%
1972 Travels with my Aunt
0%
1962 What Ever Happened to Baby Jane?
0%
1966 Who's Afraid of Virginia Woolf?
0%
No matching quizzes found
Score Distribution
Percent of People with Each Score
Percentile by Number Answered
Your Score History
You have not taken this quiz since the last reset